<?xml version="1.0" encoding="UTF-8"?>
<collection xmlns="http://www.loc.gov/MARC21/slim">
 <record>
  <leader>01871pam a22002538a 4500</leader>
  <controlfield tag="001">00024514</controlfield>
  <controlfield tag="005">20171026081022.0</controlfield>
  <controlfield tag="008">110720s2004                  ||||||Viesd</controlfield>
  <datafield tag="041" ind1="0" ind2="#">
   <subfield code="a">Vie</subfield>
  </datafield>
  <datafield tag="082" ind1="1" ind2="4">
   <subfield code="a">796.31</subfield>
   <subfield code="b">GI108TR</subfield>
  </datafield>
  <datafield tag="100" ind1="0" ind2="#">
   <subfield code="a">Nguyễn Hùng Quân</subfield>
  </datafield>
  <datafield tag="245" ind1="0" ind2="0">
   <subfield code="a">Giáo trình bóng ném</subfield>
   <subfield code="b">Giáo trình dành cho sinh viên CĐSP chuyên ngành GDTC</subfield>
   <subfield code="c">Nguyễn Hùng Quân</subfield>
  </datafield>
  <datafield tag="260" ind1="#" ind2="#">
   <subfield code="a">H.</subfield>
   <subfield code="b">ĐH Sư phạm</subfield>
   <subfield code="c">2004</subfield>
  </datafield>
  <datafield tag="300" ind1="#" ind2="#">
   <subfield code="a">165 tr.</subfield>
   <subfield code="b">Hình vẽ</subfield>
   <subfield code="c">24 cm.</subfield>
  </datafield>
  <datafield tag="500" ind1="#" ind2="#">
   <subfield code="a">Đầu Bìa Sách ghi: Bộ GD&amp;ĐT.Dự án đào tạo giáo viên THCS</subfield>
  </datafield>
  <datafield tag="650" ind1="#" ind2="4">
   <subfield code="a">Bóng ném</subfield>
  </datafield>
  <datafield tag="650" ind1="#" ind2="4">
   <subfield code="a">Thể dục</subfield>
  </datafield>
  <datafield tag="650" ind1="#" ind2="4">
   <subfield code="a">Giáo trình</subfield>
  </datafield>
  <datafield tag="852" ind1="#" ind2="#">
   <subfield code="b">Kho giáo trình</subfield>
   <subfield code="j">KGT.0015908, KGT.0015909, KGT.0015910, KGT.0015911, KGT.0015912, KGT.0015913, KGT.0015914, KGT.0015915, KGT.0015916, KGT.0015917, KGT.0015918, KGT.0015919, KGT.0015920, KGT.0015921, KGT.0015922, KGT.0015923, KGT.0015924, KGT.0015925, KGT.0015926, KGT.0015927, KGT.0015928, KGT.0015929, KGT.0015930, KGT.0015931</subfield>
  </datafield>
  <datafield tag="852" ind1="#" ind2="#">
   <subfield code="b">Kho mượn</subfield>
   <subfield code="j">KGT.0015932</subfield>
  </datafield>
  <datafield tag="852" ind1="#" ind2="#">
   <subfield code="j">KGT.0015932</subfield>
   <subfield code="j">KGT.0015933</subfield>
   <subfield code="j">KGT.0015935</subfield>
   <subfield code="j">KGT.0015936</subfield>
   <subfield code="j">KGT.0015938</subfield>
   <subfield code="j">KGT.0015940</subfield>
   <subfield code="j">KGT.0015941</subfield>
   <subfield code="j">KGT.0015943</subfield>
   <subfield code="j">KGT.0015944</subfield>
   <subfield code="j">KGT.0015946</subfield>
   <subfield code="j">KGT.0015947</subfield>
   <subfield code="j">KGT.0015949</subfield>
   <subfield code="j">KGT.0015950</subfield>
   <subfield code="j">KGT.0015952</subfield>
   <subfield code="j">KGT.0015953</subfield>
   <subfield code="j">KGT.0015955</subfield>
   <subfield code="j">KGT.0015956</subfield>
   <subfield code="j">KGT.0015958</subfield>
   <subfield code="j">KGT.0015959</subfield>
   <subfield code="j">KGT.0015961</subfield>
   <subfield code="j">KGT.0015963</subfield>
   <subfield code="j">KGT.0015964</subfield>
   <subfield code="j">KGT.0015966</subfield>
   <subfield code="j">KGT.0015967</subfield>
   <subfield code="j">KGT.0015969</subfield>
   <subfield code="j">KGT.0015970</subfield>
   <subfield code="j">KGT.0015972</subfield>
   <subfield code="j">KGT.0015973</subfield>
   <subfield code="j">KGT.0015975</subfield>
   <subfield code="j">KGT.0015976</subfield>
   <subfield code="j">KGT.0015978</subfield>
   <subfield code="j">KGT.0015979</subfield>
   <subfield code="j">KGT.0015981</subfield>
   <subfield code="j">KGT.0015934</subfield>
   <subfield code="j">KGT.0015937</subfield>
   <subfield code="j">KGT.0015939</subfield>
   <subfield code="j">KGT.0015942</subfield>
   <subfield code="j">KGT.0015945</subfield>
   <subfield code="j">KGT.0015948</subfield>
   <subfield code="j">KGT.0015951</subfield>
   <subfield code="j">KGT.0015954</subfield>
   <subfield code="j">KGT.0015957</subfield>
   <subfield code="j">KGT.0015960</subfield>
   <subfield code="j">KGT.0015962</subfield>
   <subfield code="j">KGT.0015965</subfield>
   <subfield code="j">KGT.0015968</subfield>
   <subfield code="j">KGT.0015971</subfield>
   <subfield code="j">KGT.0015974</subfield>
   <subfield code="j">KGT.0015977</subfield>
   <subfield code="j">KGT.0015980</subfield>
  </datafield>
  <datafield tag="852" ind1="#" ind2="#">
   <subfield code="b">Kho đọc</subfield>
   <subfield code="j">KD.0009619</subfield>
  </datafield>
  <datafield tag="910" ind1="0" ind2="#">
   <subfield code="a">ngọc</subfield>
   <subfield code="d">20/07/2011</subfield>
  </datafield>
  <datafield tag="980" ind1="#" ind2="#">
   <subfield code="a">Trung tâm Học liệu Lê Vũ Hùng, Trường Đại học Đồng Tháp</subfield>
  </datafield>
 </record>
</collection>
